La Doble nacionalidad de los pobladores en las zonas fronterizas
Gespeichert in:
| Format: | Text |
|---|---|
| Schlagworte: | |
| Tags: |
Tag hinzufügen
Keine Tags, Fügen Sie den ersten Tag hinzu!
|
MARC
| LEADER | 00000 a a2200000 04500 | ||
|---|---|---|---|
| 001 | 6001 | ||
| 003 | |||
| 040 | |||
| 245 | |a La Doble nacionalidad de los pobladores en las zonas fronterizas | ||
| 650 | |a FRONTERAS | ||
| 650 | |a MIGRACION FRONTERIZA | ||
| 650 | |a CONSENSO | ||
| 650 | |a CONFLICTOS SOCIALES | ||
| 650 | |a VIOLENCIA | ||
| 650 | |a RELACIONES INTERNACIONALES | ||
| 773 | |g volumen 16, número 679; páginas 11-12 | ||
| 999 | |c 25760 |d 25760 | ||
